000
00245nam a2200097Ia 4500
005
20251222152010.0
008
251222s9999||||xx |||||||||||||| ||spa||
082
_a
985.27/I59
245
0
_a
Compendio estadÃstico departamental 1997-98
942
_c
LIB
999
_c
24857
_d
24857